Anglicko-český, česko-anglický slovník
Enregistré dans:
| Format: | Livre |
|---|---|
| Langue: | tchèque anglais |
| Publié: |
Praha
SPN
1994
|
| Édition: | 9. přeprac. vyd., dotl. |
| Collection: | Střední slovníky oboustranné
|
| Sujets: | |
| Tags: |
Pas de tags, Soyez le premier à ajouter un tag!
|
MARC
| LEADER | 00000nam a2200000 4500 | ||
|---|---|---|---|
| 001 | c010205 | ||
| 005 | 20240227100536.1 | ||
| 041 | 0 | |a cze | |
| 041 | 0 | |a eng | |
| 044 | |a CZ | ||
| 245 | 1 | 0 | |a Anglicko-český, česko-anglický slovník |c Hl. red. Ivan Poldauf |
| 250 | |a 9. přeprac. vyd., dotl. | ||
| 264 | 1 | |a Praha |b SPN |c 1994 | |
| 300 | |a 1015 s. | ||
| 490 | 1 | |a Střední slovníky oboustranné | |
| 830 | 0 | |a Střední slovníky oboustranné | |
| 610 | 2 | 0 | |a jazykoveda |
| 610 | 2 | 0 | |a terminológia |
| 610 | 2 | 0 | |a angličtina |
| 610 | 2 | 0 | |a čeština |